000
00285 a2200133 4500
001
155281
040
_c
Escola São Tomás de Aquino
240
1
0
_a
Projeto Pitanguá
_l
por
245
1
0
_a
Projeto Pitanguá
300
_a
295
440
1
_a
Moderna
697
_a
MATEMÁTICA
942
_c
BK
999
_c
155281
_d
155281